Jugadores por imagen #3 - Estadísticas

Estadísticas generales
  • Esta prueba ha sido intentada 51 veces
  • La puntuación promedio es 14 de 16
Estadísticas de respuestas
Imagen Respuesta % Correcto
Cavani
98%
Di maria
98%
Kaka
96%
Beckenbauer
94%
Lukaku
94%
Rivaldo
94%
Cafu
91%
Sommer
91%
Forlan
87%
Zanetti
87%
Romario
83%
Charlton
81%
Muller
81%
Shevchenko
72%
Lineker
60%
Shearer
57%
No se encontraron pruebas coincidentes
Distribución de puntuación
Porcentaje de gente con cada puntuación
Porcentaje por número respondido
Historial de tus puntuaciones
No has intentado esta prueba.